<?xml version="1.0" encoding="UTF-8"?>
<record
    xmlns:xsi="http://www.w3.org/2001/XMLSchema-instance"
    xsi:schemaLocation="http://www.loc.gov/MARC21/slim http://www.loc.gov/standards/marcxml/schema/MARC21slim.xsd"
    xmlns="http://www.loc.gov/MARC21/slim">

  <leader>02308nam a22003377a 4500</leader>
  <datafield tag="952" ind1=" " ind2=" ">
    <subfield code="0">0</subfield>
    <subfield code="1">0</subfield>
    <subfield code="2">lcc</subfield>
    <subfield code="4">0</subfield>
    <subfield code="7">0</subfield>
    <subfield code="a">04</subfield>
    <subfield code="b">04</subfield>
    <subfield code="d">2015-04-07</subfield>
    <subfield code="l">0</subfield>
    <subfield code="o">HD30.2 S66</subfield>
    <subfield code="p">04 005073</subfield>
    <subfield code="r">2015-04-07</subfield>
    <subfield code="t">1</subfield>
    <subfield code="w">2015-04-07</subfield>
    <subfield code="y">LB</subfield>
  </datafield>
  <datafield tag="952" ind1=" " ind2=" ">
    <subfield code="0">0</subfield>
    <subfield code="1">0</subfield>
    <subfield code="2">lcc</subfield>
    <subfield code="4">0</subfield>
    <subfield code="7">0</subfield>
    <subfield code="a">12</subfield>
    <subfield code="b">12</subfield>
    <subfield code="d">2015-06-09</subfield>
    <subfield code="l">1</subfield>
    <subfield code="o">HD30.2 S65</subfield>
    <subfield code="p">12 002299</subfield>
    <subfield code="r">2023-01-23</subfield>
    <subfield code="s">2023-01-23</subfield>
    <subfield code="t">1</subfield>
    <subfield code="w">2015-06-09</subfield>
    <subfield code="y">LB</subfield>
  </datafield>
  <datafield tag="952" ind1=" " ind2=" ">
    <subfield code="0">0</subfield>
    <subfield code="1">0</subfield>
    <subfield code="2">lcc</subfield>
    <subfield code="4">0</subfield>
    <subfield code="7">0</subfield>
    <subfield code="a">09</subfield>
    <subfield code="b">09</subfield>
    <subfield code="d">2015-06-29</subfield>
    <subfield code="l">0</subfield>
    <subfield code="o">T58.6 S59</subfield>
    <subfield code="p">09 000721</subfield>
    <subfield code="r">2015-06-29</subfield>
    <subfield code="t">1</subfield>
    <subfield code="w">2015-06-29</subfield>
    <subfield code="y">LB</subfield>
  </datafield>
  <datafield tag="952" ind1=" " ind2=" ">
    <subfield code="0">0</subfield>
    <subfield code="1">0</subfield>
    <subfield code="2">lcc</subfield>
    <subfield code="4">0</subfield>
    <subfield code="7">0</subfield>
    <subfield code="a">09</subfield>
    <subfield code="b">09</subfield>
    <subfield code="d">2015-06-29</subfield>
    <subfield code="l">0</subfield>
    <subfield code="o">T58.6 S59</subfield>
    <subfield code="p">09 000722</subfield>
    <subfield code="r">2015-06-29</subfield>
    <subfield code="t">2</subfield>
    <subfield code="w">2015-06-29</subfield>
    <subfield code="y">LB</subfield>
  </datafield>
  <datafield tag="952" ind1=" " ind2=" ">
    <subfield code="0">0</subfield>
    <subfield code="1">0</subfield>
    <subfield code="2">lcc</subfield>
    <subfield code="4">0</subfield>
    <subfield code="7">0</subfield>
    <subfield code="a">07</subfield>
    <subfield code="b">07</subfield>
    <subfield code="d">2015-08-13</subfield>
    <subfield code="l">1</subfield>
    <subfield code="o">T58.6 S59</subfield>
    <subfield code="p">07 005415</subfield>
    <subfield code="r">2020-02-27</subfield>
    <subfield code="s">2020-02-27</subfield>
    <subfield code="t">1</subfield>
    <subfield code="w">2015-08-13</subfield>
    <subfield code="y">LB</subfield>
  </datafield>
  <datafield tag="952" ind1=" " ind2=" ">
    <subfield code="0">0</subfield>
    <subfield code="1">0</subfield>
    <subfield code="4">0</subfield>
    <subfield code="7">0</subfield>
    <subfield code="a">03</subfield>
    <subfield code="b">03</subfield>
    <subfield code="d">2016-03-10</subfield>
    <subfield code="l">0</subfield>
    <subfield code="o">HD30.2 S66</subfield>
    <subfield code="p">03 008824</subfield>
    <subfield code="r">2016-03-10</subfield>
    <subfield code="t">1</subfield>
    <subfield code="w">2016-03-10</subfield>
    <subfield code="y">LB</subfield>
  </datafield>
  <datafield tag="952" ind1=" " ind2=" ">
    <subfield code="0">0</subfield>
    <subfield code="1">0</subfield>
    <subfield code="2">lcc</subfield>
    <subfield code="4">0</subfield>
    <subfield code="7">0</subfield>
    <subfield code="a">12</subfield>
    <subfield code="b">12</subfield>
    <subfield code="d">2016-07-22</subfield>
    <subfield code="l">0</subfield>
    <subfield code="o">HD30.2 S65</subfield>
    <subfield code="p">12 003089</subfield>
    <subfield code="r">2016-07-22</subfield>
    <subfield code="t">2</subfield>
    <subfield code="w">2016-07-22</subfield>
    <subfield code="y">LB</subfield>
  </datafield>
  <datafield tag="952" ind1=" " ind2=" ">
    <subfield code="0">0</subfield>
    <subfield code="1">0</subfield>
    <subfield code="4">0</subfield>
    <subfield code="7">0</subfield>
    <subfield code="a">18</subfield>
    <subfield code="b">18</subfield>
    <subfield code="d">2016-09-06</subfield>
    <subfield code="l">1</subfield>
    <subfield code="o">HD30.2 S65</subfield>
    <subfield code="p">18 003620</subfield>
    <subfield code="r">2019-10-24</subfield>
    <subfield code="s">2019-10-23</subfield>
    <subfield code="t">1</subfield>
    <subfield code="w">2016-09-06</subfield>
    <subfield code="y">LB</subfield>
  </datafield>
  <datafield tag="952" ind1=" " ind2=" ">
    <subfield code="0">0</subfield>
    <subfield code="1">0</subfield>
    <subfield code="2">lcc</subfield>
    <subfield code="4">0</subfield>
    <subfield code="7">0</subfield>
    <subfield code="a">22</subfield>
    <subfield code="b">22</subfield>
    <subfield code="d">2014-05-15</subfield>
    <subfield code="l">0</subfield>
    <subfield code="o">HD30.2 S65 2012</subfield>
    <subfield code="p">22 001557</subfield>
    <subfield code="r">2017-01-25</subfield>
    <subfield code="t">1</subfield>
    <subfield code="w">2017-01-25</subfield>
    <subfield code="y">LB</subfield>
  </datafield>
  <datafield tag="952" ind1=" " ind2=" ">
    <subfield code="0">0</subfield>
    <subfield code="1">0</subfield>
    <subfield code="4">0</subfield>
    <subfield code="7">0</subfield>
    <subfield code="a">09</subfield>
    <subfield code="b">09</subfield>
    <subfield code="d">2018-09-27</subfield>
    <subfield code="l">0</subfield>
    <subfield code="o">HD30.2 S66</subfield>
    <subfield code="p">09 005182</subfield>
    <subfield code="r">2018-09-27</subfield>
    <subfield code="t">1</subfield>
    <subfield code="w">2018-09-27</subfield>
    <subfield code="y">LB</subfield>
  </datafield>
  <datafield tag="999" ind1=" " ind2=" ">
    <subfield code="c">96298</subfield>
    <subfield code="d">96298</subfield>
  </datafield>
  <controlfield tag="008">150407s2012    mx      r     001 0 spa d</controlfield>
  <datafield tag="020" ind1=" " ind2=" ">
    <subfield code="a">9786074384741</subfield>
  </datafield>
  <datafield tag="050" ind1="0" ind2="4">
    <subfield code="a">HD30.2</subfield>
    <subfield code="b">S65</subfield>
  </datafield>
  <datafield tag="100" ind1="1" ind2=" ">
    <subfield code="a">Solares Soto, Pedro</subfield>
    <subfield code="e">autor</subfield>
  </datafield>
  <datafield tag="245" ind1="1" ind2="0">
    <subfield code="a">Administraci&#xF3;n inform&#xE1;tica I</subfield>
    <subfield code="b"> : an&#xE1;lisis y evaluaci&#xF3;n de tecnolog&#xED;as de informaci&#xF3;n</subfield>
    <subfield code="c"> / Pedro Solares Soto, Gabriel Baca Urbina, Elizabeth Acosta Gonzaga</subfield>
  </datafield>
  <datafield tag="246" ind1="3" ind2=" ">
    <subfield code="a">Administraci&#xF3;n inform&#xE1;tica 1</subfield>
    <subfield code="b"> : an&#xE1;lisis y evaluaci&#xF3;n de tecnolog&#xED;as de informaci&#xF3;n</subfield>
    <subfield code="h"> </subfield>
  </datafield>
  <datafield tag="260" ind1=" " ind2=" ">
    <subfield code="a">M&#xE9;xico</subfield>
    <subfield code="b"> : Grupo Patria Cultural</subfield>
    <subfield code="c">, 2012</subfield>
  </datafield>
  <datafield tag="300" ind1=" " ind2=" ">
    <subfield code="a">xiii, 246 p&#xE1;ginas </subfield>
    <subfield code="c"> : ilustraciones</subfield>
  </datafield>
  <datafield tag="504" ind1=" " ind2=" ">
    <subfield code="a">Bibliograf&#xED;a: pp. 241-245</subfield>
  </datafield>
  <datafield tag="505" ind1="0" ind2=" ">
    <subfield code="a">La empresa: una nueva forma de administrarla con base en la TI 
Los procesos de negocios y la tecnolog&#xED;a de la informaci&#xF3;n 
Sistemas de informaci&#xF3;n y &#xE9;tica en los negocios 
tecnolog&#xED;a de la informaci&#xF3;n y la decisi&#xF3;n de invertir 
Mapeo y modelado de procesos 
T&#xE9;cnicas y m&#xE9;todos para evaluar beneficios tangibles provenientes de inversiones en TI
Identificaci&#xF3;n y cuantificaci&#xF3;n de beneficios, costos y riesgos derivados de inversiones en TI </subfield>
  </datafield>
  <datafield tag="519" ind1=" " ind2=" ">
    <subfield code="a">Educaci&#xF3;n Mixta / </subfield>
    <subfield code="b">Inform&#xE1;tica / </subfield>
    <subfield code="c">Administraci&#xF3;n de Proyectos Inform&#xE1;ticos (P31) / </subfield>
    <subfield code="d">(04 005073)</subfield>
  </datafield>
  <datafield tag="519" ind1=" " ind2=" ">
    <subfield code="a">Educaci&#xF3;n Mixta / </subfield>
    <subfield code="b">Inform&#xE1;tica / </subfield>
    <subfield code="c">Administraci&#xF3;n de Proyectos Inform&#xE1;ticos (P31) / </subfield>
    <subfield code="d">(03 008824)</subfield>
  </datafield>
  <datafield tag="519" ind1=" " ind2=" ">
    <subfield code="a">Material Complementario /</subfield>
    <subfield code="b">Inform&#xE1;tica /</subfield>
    <subfield code="d">(09 005183, 09 005182, 09 000721, 09 000722)</subfield>
  </datafield>
  <datafield tag="519" ind1=" " ind2=" ">
    <subfield code="a">Educaci&#xF3;n Mixta / </subfield>
    <subfield code="b">Inform&#xE1;tica / </subfield>
    <subfield code="c">Administraci&#xF3;n de Proyectos Inform&#xE1;ticos (P31-1) / </subfield>
    <subfield code="d">(18 003620)</subfield>
  </datafield>
  <datafield tag="519" ind1=" " ind2=" ">
    <subfield code="a">Educaci&#xF3;n Mixta / </subfield>
    <subfield code="b">Inform&#xE1;tica / </subfield>
    <subfield code="c">Administraci&#xF3;n de Proyectos Inform&#xE1;ticos (P31-1) / </subfield>
    <subfield code="d">(22 001557)</subfield>
  </datafield>
  <datafield tag="519" ind1=" " ind2=" ">
    <subfield code="a">Material Complementario /</subfield>
    <subfield code="d">(12 003089, 12 002299)</subfield>
  </datafield>
  <datafield tag="519" ind1=" " ind2=" ">
    <subfield code="a">Plan Flexible /</subfield>
    <subfield code="d">(07 005415)</subfield>
  </datafield>
  <datafield tag="650" ind1="1" ind2="4">
    <subfield code="a">TECNOLOG&#xCD;AS DE LA INFORMACI&#xD3;N</subfield>
    <subfield code="x">NEGOCIOS</subfield>
  </datafield>
  <datafield tag="650" ind1="2" ind2="4">
    <subfield code="a">ADMINISTRACI&#xD3;N </subfield>
    <subfield code="x">TECNOLOG&#xCD;AS DE LA INFORMACI&#xD3;N</subfield>
  </datafield>
  <datafield tag="650" ind1="2" ind2="4">
    <subfield code="a">ADMINISTRACI&#xD3;N INFORM&#xC1;TICA</subfield>
  </datafield>
  <datafield tag="700" ind1="1" ind2=" ">
    <subfield code="a">Baca Urbina, Gabriel</subfield>
    <subfield code="e">autor</subfield>
  </datafield>
  <datafield tag="700" ind1=" " ind2=" ">
    <subfield code="a">Acosta Gonzaga, Elizabeth </subfield>
    <subfield code="e">autor</subfield>
  </datafield>
  <datafield tag="942" ind1=" " ind2=" ">
    <subfield code="c">LB</subfield>
  </datafield>
</record>
